[Event "George Trundle NZ Masters 2017"]
[Site "Auckland, NZL"]
[Date "2017.10.07"]
[Round "8.1"]
[White "Gong, Daniel Hanwen"]
[Black "Croad, Nicholas"]
[Result "1/2-1/2"]
[BlackElo "2247"]
[WhiteElo "2252"]
[LiveChessVersion "1.4.8"]

1. d4 {[%clk 1:30:58]} Nf6 {[%clk 1:30:53]} 2. Nf3 {[%clk 1:31:23]} e6
{[%clk 1:31:14]} 3. Bf4 {[%clk 1:31:47]} b6 {[%clk 1:31:35]} 4. e3
{[%clk 1:32:07]} c5 {[%clk 1:31:57]} 5. Nc3 {[%clk 1:32:05]} a6 {[%clk 1:27:37]}
6. d5 {[%clk 1:32:15]} d6 {[%clk 1:24:40]} 7. a4 {[%clk 1:30:02]} e5
{[%clk 1:23:35]} 8. Bg5 {[%clk 1:30:06]} Nbd7 {[%clk 1:20:56]} 9. e4
{[%clk 1:30:12]} Be7 {[%clk 1:20:37]} 10. h3 {[%clk 1:28:53]} h6 {[%clk 1:20:04]}
11. Be3 {[%clk 1:29:07]} Nf8 {[%clk 1:18:04]} 12. Be2 {[%clk 1:24:48]} Ng6
{[%clk 1:15:32]} 13. Qd2 {[%clk 1:24:44]} Bd7 {[%clk 1:14:10]} 14. Rb1
{[%clk 1:24:08]} Qc7 {[%clk 1:09:31]} 15. O-O {[%clk 1:24:06]} O-O
{[%clk 1:06:36]} 16. b4 {[%clk 1:22:39]} cxb4 {[%clk 0:44:53]} 17. Rxb4
{[%clk 1:22:54]} Rfc8 {[%clk 0:45:16]} 18. Rc4 {[%clk 1:11:21]} Qb7
{[%clk 0:45:41]} 19. Rb1 {[%clk 1:10:13]} Bd8 {[%clk 0:44:56]} 20. Rcb4
{[%clk 1:08:23]} Qc7 {[%clk 0:41:30]} 21. R1b3 {[%clk 1:03:19]} b5
{[%clk 0:32:51]} 22. axb5 {[%clk 1:02:34]} axb5 {[%clk 0:33:05]} 23. Bxb5
{[%clk 1:01:42]} Ra1+ {[%clk 0:28:22]} 24. Kh2 {[%clk 1:00:52]} Bxb5
{[%clk 0:28:28]} 25. Rxb5 {[%clk 0:58:25]} Qc4 {[%clk 0:27:30]} 26. Qd3
{[%clk 0:57:59]} Ba5 {[%clk 0:25:44]} 27. Rb8 {[%clk 0:53:29]} Kh7
{[%clk 0:26:02]} 28. Rxc8 {[%clk 0:50:09]} Qxc8 {[%clk 0:26:21]} 29. Ne2
{[%clk 0:47:57]} Ra2 {[%clk 0:20:44]} 30. c4 {[%clk 0:27:51]} Ra4
{[%clk 0:14:58]} 31. Rb5 {[%clk 0:26:49]} Bd8 {[%clk 0:10:40]} 32. Nd2
{[%clk 0:25:48]} Ba5 {[%clk 0:09:52]} 33. Qc2 {[%clk 0:20:47]} Ra3
{[%clk 0:07:15]} 34. Nb3 {[%clk 0:08:22]} Bd8 {[%clk 0:04:56]} 35. Ng3
{[%clk 0:07:56]} Qa6 {[%clk 0:03:01]} 36. Nf5 {[%clk 0:06:20]} Bc7
{[%clk 0:02:48]} 37. Qc1 {[%clk 0:06:09]} Ng8 {[%clk 0:01:44]} 38. Rb4
{[%clk 0:05:04]} Ra2 {[%clk 0:01:38]} 39. c5 {[%clk 0:04:15]} dxc5
{[%clk 0:01:41]} 40. Nxc5 {[%clk 0:34:23]} Qe2 {[%clk 0:31:44]} 41. Ng3
{[%clk 0:32:28]} Qc2 {[%clk 0:31:32]} 42. Qxc2 {[%clk 0:32:16]} Rxc2
{[%clk 0:32:01]} 43. Nf5 {[%clk 0:31:49]} N6e7 {[%clk 0:26:48]} 44. Rb7
{[%clk 0:27:23]} Nxf5 {[%clk 0:25:43]} 45. exf5 {[%clk 0:27:48]} Nf6
{[%clk 0:18:17]} 46. Rxc7 {[%clk 0:27:21]} Nxd5 {[%clk 0:18:40]} 47. Rc8
{[%clk 0:25:51]} f6 {[%clk 0:18:33]} 48. Kg1 {[%clk 0:21:08]} h5 {[%clk 0:14:43]}
49. h4 {[%clk 0:18:17]} Ne7 {[%clk 0:11:47]} 50. Ra8 {[%clk 0:17:23]} Nxf5
{[%clk 0:12:06]} 51. Nd7 {[%clk 0:16:46]} Kg6 {[%clk 0:11:56]} 52. Ra7
{[%clk 0:14:38]} Nxe3 {[%clk 0:07:41]} 53. fxe3 {[%clk 0:14:53]} Kf5
{[%clk 0:08:10]} 54. Nb6 {[%clk 0:13:32]} g5 {[%clk 0:07:45]} 55. Nd5
{[%clk 0:11:45]} Rd2 {[%clk 0:06:39]} 56. e4+ {[%clk 0:11:11]} Kxe4
{[%clk 0:06:35]} 57. Nxf6+ {[%clk 0:11:35]} Kf5 {[%clk 0:06:57]} 58. hxg5
{[%clk 0:10:25]} Rd1+ {[%clk 0:07:14]} 59. Kf2 {[%clk 0:10:38]} Kxg5
{[%clk 0:06:18]} 60. Ne4+ {[%clk 0:11:05]} Kf4 {[%clk 0:05:59]} 61. Nc3
{[%clk 0:11:31]} Rd2+ {[%clk 0:06:07]} 62. Ne2+ {[%clk 0:11:18]} Kf5
{[%clk 0:05:46]} 63. Ke3 {[%clk 0:10:33]} Rb2 {[%clk 0:06:02]} 64. Ng3+
{[%clk 0:10:13]} Kg6 {[%clk 0:05:55]} 65. Ra6+ {[%clk 0:10:03]} Kg5
{[%clk 0:05:05]} 66. Ne4+ {[%clk 0:09:43]} Kh4 {[%clk 0:04:53]} 67. g3+
{[%clk 0:04:11]} Kh3 {[%clk 0:05:02]} 68. Rh6 {[%clk 0:04:31]} Rb3+
{[%clk 0:03:35]} 69. Ke2 {[%clk 0:04:16]} Rb2+ {[%clk 0:03:59]} 70. Kd3
{[%clk 0:04:25]} Kg4 {[%clk 0:03:44]} 71. Rg6+ {[%clk 0:04:21]} Kh3
{[%clk 0:03:49]} 72. Rg5 {[%clk 0:03:23]} h4 {[%clk 0:04:02]} 73. Rh5
{[%clk 0:03:22]} Rb3+ {[%clk 0:04:08]} 74. Ke2 {[%clk 0:03:20]} Rb2+
{[%clk 0:04:25]} 75. Kd1 {[%clk 0:03:20]} Kg4 {[%clk 0:02:34]} 76. Rxh4+
{[%clk 0:03:00]} Kf3 {[%clk 0:03:03]} 77. Nd2+ {[%clk 0:01:15]} Kxg3
{[%clk 0:03:25]} 78. Re4 {[%clk 0:01:42]} Rb5 {[%clk 0:03:21]} 79. Ke2
{[%clk 0:02:10]} Rd5 {[%clk 0:03:42]} 80. Nf1+ {[%clk 0:02:11]} Kh3
{[%clk 0:04:07]} 81. Kf3 {[%clk 0:02:13]} Rd1 {[%clk 0:03:17]} 82. Ne3
{[%clk 0:01:58]} Rf1+ {[%clk 0:03:42]} 83. Ke2 {[%clk 0:02:24]} Rf8
{[%clk 0:03:45]} 84. Rxe5 {[%clk 0:02:23]} Kh4 {[%clk 0:03:48]} 85. Kd3
{[%clk 0:02:06]} Kg3 {[%clk 0:03:40]} 86. Nd1 {[%clk 0:01:41]} Rd8+
{[%clk 0:03:33]} 87. Ke2 {[%clk 0:02:06]} Kf4 {[%clk 0:03:58]} 88. Re7
{[%clk 0:02:22]} Kf5 {[%clk 0:04:10]} 89. Ne3+ {[%clk 0:02:31]} Kf4
{[%clk 0:04:18]} 90. Ng2+ {[%clk 0:02:54]} Kf5 {[%clk 0:04:42]} 91. Kf3
{[%clk 0:03:15]} Kf6 {[%clk 0:04:33]} 92. Re4 {[%clk 0:03:37]} Rd5
{[%clk 0:04:02]} 93. Ne3 {[%clk 0:03:59]} Rb5 {[%clk 0:04:12]} 94. Kf4
{[%clk 0:04:23]} Ra5 {[%clk 0:04:12]} 95. Ng4+ {[%clk 0:04:44]} Kg6
{[%clk 0:04:03]} 96. Re6+ {[%clk 0:05:09]} Kf7 {[%clk 0:04:27]} 97. Rh6
{[%clk 0:05:09]} Kg7 {[%clk 0:04:37]} 98. Rb6 {[%clk 0:05:35]} Ra1
{[%clk 0:03:16]} 99. Ne5 {[%clk 0:04:40]} Rf1+ {[%clk 0:03:12]} 100. Kg5
{[%clk 0:05:05]} Rg1+ {[%clk 0:03:33]} 101. Kf5 {[%clk 0:05:33]} Rf1+
{[%clk 0:03:57]} 102. Kg5 {[%clk 0:05:57]} Rg1+ {[%clk 0:04:24]} 103. Ng4
{[%clk 0:06:25]} Kf7 {[%clk 0:04:44]} 104. Ra6 {[%clk 0:06:12]} Ke7
{[%clk 0:05:03]} 105. Kf5 {[%clk 0:06:23]} Rf1+ {[%clk 0:05:26]} 106. Ke4
{[%clk 0:06:49]} Re1+ {[%clk 0:05:47]} 107. Ne3 {[%clk 0:07:15]} Kd7
{[%clk 0:05:46]} 108. Kd4 {[%clk 0:07:36]} Ke7 {[%clk 0:05:54]} 109. Nf5+
{[%clk 0:07:26]} Kf7 {[%clk 0:06:16]} 110. Kd5 {[%clk 0:07:47]} Re2
{[%clk 0:05:53]} 111. Nd4 {[%clk 0:08:05]} Re1 {[%clk 0:06:13]} 112. Nf3
{[%clk 0:08:32]} Rd1+ {[%clk 0:04:19]} 113. Ke5 {[%clk 0:08:58]} Ke7
{[%clk 0:04:41]} 114. Rh6 {[%clk 0:08:31]} Kd7 {[%clk 0:04:46]} 115. Nd4
{[%clk 0:08:37]} Re1+ {[%clk 0:04:54]} 116. Kd5 {[%clk 0:08:57]} Ke7
{[%clk 0:05:17]} 117. Nc6+ {[%clk 0:08:28]} Kf7 {[%clk 0:05:41]} 118. Ne5+
{[%clk 0:08:51]} Kg7 {[%clk 0:05:58]} 119. Rg6+ {[%clk 0:09:14]} Kh7
{[%clk 0:06:17]} 120. Rg2 {[%clk 0:09:28]} Kh6 {[%clk 0:06:12]} 121. Nd3
{[%clk 0:09:33]} Re8 {[%clk 0:05:46]} 122. Nf4 {[%clk 0:09:45]} Re1
{[%clk 0:06:00]} 123. Ne2 {[%clk 0:09:29]} Ra1 {[%clk 0:05:53]} 124. Nc3
{[%clk 0:09:36]} Re1 {[%clk 0:06:11]} 125. Ne4 {[%clk 0:10:03]} Ra1
{[%clk 0:06:17]} 126. Ke5 {[%clk 0:10:22]} Ra5+ {[%clk 0:06:32]} 127. Kf4
{[%clk 0:10:38]} Rb5 {[%clk 0:06:41]} 128. Nd6 {[%clk 0:10:55]} Ra5
{[%clk 0:06:50]} 129. Nf5+ {[%clk 0:11:15]} Kh7 {[%clk 0:07:10]} 130. Rg7+
{[%clk 0:11:03]} Kh8 {[%clk 0:07:33]} 131. Rd7 {[%clk 0:11:19]} Kg8
{[%clk 0:06:59]} 132. Kg5 {[%clk 0:11:44]} Ra6 {[%clk 0:07:15]} 133. Nd6
{[%clk 0:12:06]} Ra5+ {[%clk 0:07:06]} 134. Kf6 {[%clk 0:12:27]} Ra8
{[%clk 0:07:57]} 1/2-1/2

[Event "George Trundle NZ Masters 2017"]
[Site "Auckland, NZL"]
[Date "2017.10.07"]
[Round "8.2"]
[White "Reilly, Tim"]
[Black "Van Riemsdijk, Herman C."]
[Result "1/2-1/2"]
[BlackElo "2306"]
[WhiteElo "2153"]
[LiveChessVersion "1.4.8"]

1. d4 {[%clk 1:23:32]} Nf6 {[%clk 1:30:41]} 2. c4 {[%clk 1:22:32]} e6
{[%clk 1:31:02]} 3. Nc3 {[%clk 1:22:58]} Bb4 {[%clk 1:31:26]} 4. e3
{[%clk 1:23:24]} O-O {[%clk 1:31:33]} 5. Bd3 {[%clk 1:23:49]} d5 {[%clk 1:31:43]}
6. cxd5 {[%clk 1:24:12]} exd5 {[%clk 1:32:08]} 7. Nge2 {[%clk 1:24:38]} Re8
{[%clk 1:32:12]} 8. Bd2 {[%clk 1:24:50]} a6 {[%clk 1:27:18]} 9. Rc1
{[%clk 1:24:48]} Nbd7 {[%clk 1:25:50]} 10. O-O {[%clk 1:24:49]} Nf8
{[%clk 1:22:19]} 11. f3 {[%clk 1:18:55]} Ne6 {[%clk 1:19:46]} 12. Qe1
{[%clk 1:17:03]} Bf8 {[%clk 1:09:09]} 13. Qh4 {[%clk 1:14:29]} Be7
{[%clk 1:08:58]} 14. Qf2 {[%clk 1:11:57]} c5 {[%clk 1:07:42]} 15. Kh1
{[%clk 1:10:33]} b5 {[%clk 1:07:34]} 16. g4 {[%clk 1:06:09]} b4 {[%clk 1:00:55]}
17. Nd1 {[%clk 1:06:03]} Qb6 {[%clk 1:01:08]} 18. Rg1 {[%clk 1:01:54]} g6
{[%clk 0:59:45]} 19. Bb1 {[%clk 0:45:58]} Bf8 {[%clk 0:45:24]} 20. b3
{[%clk 0:42:04]} Bd7 {[%clk 0:43:14]} 21. Nb2 {[%clk 0:36:03]} Bb5
{[%clk 0:40:44]} 22. Nd3 {[%clk 0:32:12]} c4 {[%clk 0:31:06]} 23. Ne5
{[%clk 0:31:44]} c3 {[%clk 0:30:52]} 24. Be1 {[%clk 0:31:36]} Nd7
{[%clk 0:24:25]} 25. Nxd7 {[%clk 0:27:52]} Bxd7 {[%clk 0:24:49]} 26. f4
{[%clk 0:27:46]} Ng7 {[%clk 0:24:24]} 27. f5 {[%clk 0:26:37]} Be7
{[%clk 0:23:52]} 28. Rf1 {[%clk 0:23:08]} gxf5 {[%clk 0:11:44]} 29. gxf5
{[%clk 0:22:54]} Bf6 {[%clk 0:11:56]} 30. Qf3 {[%clk 0:17:35]} Qb5
{[%clk 0:09:31]} 31. Rg1 {[%clk 0:16:47]} Rxe3 {[%clk 0:06:04]} 32. Qxe3
{[%clk 0:14:57]} Re8 {[%clk 0:06:29]} 33. Qh6 {[%clk 0:12:26]} Qxe2
{[%clk 0:06:50]} 34. Qxf6 Qf3 1/2-1/2

[Event "George Trundle NZ Masters 2017"]
[Site "Auckland, NZL"]
[Date "2017.10.07"]
[Round "8.3"]
[White "Ang, Alphaeus Wei Ern"]
[Black "Johansen, Darryl K"]
[Result "0-1"]
[BlackElo "2380"]
[WhiteElo "2228"]
[LiveChessVersion "1.4.8"]

1. d4 {[%clk 1:30:58]} Nf6 {[%clk 1:30:44]} 2. c4 {[%clk 1:31:21]} e6
{[%clk 1:30:55]} 3. Nc3 {[%clk 1:31:47]} Bb4 {[%clk 1:31:18]} 4. e3
{[%clk 1:32:12]} b6 {[%clk 1:31:29]} 5. Bd3 {[%clk 1:32:23]} Bb7 {[%clk 1:31:45]}
6. Nf3 {[%clk 1:32:49]} O-O {[%clk 1:30:45]} 7. O-O {[%clk 1:33:02]} d5
{[%clk 1:28:02]} 8. cxd5 {[%clk 1:32:42]} exd5 {[%clk 1:28:22]} 9. Ne5
{[%clk 1:32:31]} c5 {[%clk 1:18:38]} 10. f4 {[%clk 1:21:38]} Nc6 {[%clk 1:11:50]}
11. Qf3 {[%clk 1:15:45]} cxd4 {[%clk 1:10:23]} 12. Nxc6 {[%clk 1:16:07]} Bxc6
{[%clk 1:10:43]} 13. exd4 {[%clk 1:16:34]} Ne4 {[%clk 1:01:56]} 14. Be3
{[%clk 1:13:24]} f5 {[%clk 1:01:38]} 15. Ne2 {[%clk 1:01:59]} Qd7
{[%clk 1:01:18]} 16. a3 {[%clk 0:59:33]} Bd6 {[%clk 0:56:05]} 17. g3
{[%clk 0:50:30]} Bb5 {[%clk 0:53:01]} 18. Bxe4 {[%clk 0:47:27]} fxe4
{[%clk 0:40:27]} 19. Qg2 {[%clk 0:47:29]} Rac8 {[%clk 0:39:04]} 20. Rfc1
{[%clk 0:47:00]} Rxc1+ {[%clk 0:32:40]} 21. Rxc1 {[%clk 0:47:10]} Rc8
{[%clk 0:29:04]} 22. Nc3 {[%clk 0:34:52]} Bc4 {[%clk 0:28:58]} 23. Qc2
{[%clk 0:32:39]} Rc7 {[%clk 0:21:50]} 24. Qd1 {[%clk 0:27:55]} Bf8
{[%clk 0:20:16]} 25. Qh5 {[%clk 0:24:10]} Bb3 {[%clk 0:18:14]} 26. f5
{[%clk 0:23:22]} Qf7 {[%clk 0:15:35]} 27. Qg4 {[%clk 0:22:19]} Rc6
{[%clk 0:15:35]} 28. Rf1 {[%clk 0:20:17]} Bc4 {[%clk 0:14:52]} 29. Rf2
{[%clk 0:19:28]} b5 {[%clk 0:15:03]} 30. Qf4 {[%clk 0:17:31]} Bd6
{[%clk 0:14:07]} 31. Qh4 {[%clk 0:17:38]} Be7 {[%clk 0:13:58]} 32. Qf4
{[%clk 0:17:51]} Rc8 {[%clk 0:09:44]} 33. Qg4 {[%clk 0:13:59]} Bf6
{[%clk 0:09:21]} 34. Qh3 {[%clk 0:12:46]} a5 {[%clk 0:09:06]} 35. g4
{[%clk 0:12:54]} h6 {[%clk 0:09:19]} 36. Qg3 {[%clk 0:12:51]} Qe7
{[%clk 0:09:27]} 37. Rc2 {[%clk 0:12:28]} Qd8 {[%clk 0:08:23]} 38. Ne2
{[%clk 0:11:20]} Bxe2 {[%clk 0:07:17]} 39. Rxe2 {[%clk 0:11:35]} Rc4
{[%clk 0:05:55]} 40. Rd2 {[%clk 0:40:41]} Qc7 {[%clk 0:33:26]} 41. Kg2
{[%clk 0:37:22]} Qd8 {[%clk 0:31:27]} 42. Qf2 {[%clk 0:32:56]} b4
{[%clk 0:30:39]} 43. axb4 {[%clk 0:32:35]} axb4 {[%clk 0:31:02]} 44. Qe1
{[%clk 0:31:47]} b3 {[%clk 0:29:27]} 45. Qa1 {[%clk 0:27:16]} Bg5
{[%clk 0:26:24]} 46. Qe1 {[%clk 0:24:14]} Rc2 {[%clk 0:25:04]} 47. Kf1
{[%clk 0:17:58]} Qc7 {[%clk 0:21:52]} 48. Qe2 {[%clk 0:13:15]} Qc4
{[%clk 0:11:19]} 49. Ke1 {[%clk 0:06:59]} Rc1+ {[%clk 0:10:08]} 50. Kf2
{[%clk 0:06:32]} Qc7 {[%clk 0:09:52]} 51. Kg2 {[%clk 0:06:19]} Rc2
{[%clk 0:10:07]} 52. Kf1 {[%clk 0:05:53]} Bxe3 {[%clk 0:06:21]} 53. Qxe3
{[%clk 0:06:12]} Qa5 {[%clk 0:06:46]} 54. Ke2 {[%clk 0:04:28]} Qb5+
{[%clk 0:06:55]} 55. Kf2 {[%clk 0:02:04]} Qb4 {[%clk 0:06:46]} 56. Ke2
{[%clk 0:02:09]} Rc1 {[%clk 0:07:04]} 57. Kf2 {[%clk 0:00:42]} Rc2
{[%clk 0:05:42]} 58. Ke2 {[%clk 0:01:02]} Qa5 {[%clk 0:03:52]} 59. h4
{[%clk 0:00:46]} Qa2 {[%clk 0:04:09]} 60. Rxc2 {[%clk 0:00:34]} bxc2
{[%clk 0:04:37]} 61. Qc3 {[%clk 0:00:36]} Qb1 {[%clk 0:04:45]} 62. Qc8+
{[%clk 0:00:44]} Kh7 {[%clk 0:05:06]} 63. f6 {[%clk 0:00:43]} Qd1+
{[%clk 0:05:26]} 64. Kf2 {[%clk 0:01:00]} Qxd4+ {[%clk 0:04:46]} 65. Kg2
{[%clk 0:00:55]} Qd2+ {[%clk 0:05:06]} 66. Kg3 {[%clk 0:00:51]} Qe3+
{[%clk 0:05:12]} 67. Kg2 {[%clk 0:01:12]} Qf3+ {[%clk 0:05:34]} 68. Kg1
{[%clk 0:01:02]} Qxg4+ {[%clk 0:04:54]} 69. Qxg4 {[%clk 0:01:29]} c1=Q+
{[%clk 0:05:14]} 70. Kg2 {[%clk 0:01:23]} Qxb2+ {[%clk 0:05:39]} 71. Kg1
{[%clk 0:00:49]} Qd4+ {[%clk 0:06:02]} 72. Kh1 {[%clk 0:00:55]} Qxf6
{[%clk 0:06:21]} 73. Qd7 {[%clk 0:00:37]} Qxh4+ {[%clk 0:06:40]} 74. Kg2
{[%clk 0:01:03]} Qg5+ {[%clk 0:07:00]} 75. Kh1 {[%clk 0:01:24]} Qe5
{[%clk 0:07:22]} 76. Kg2 {[%clk 0:01:23]} e3 {[%clk 0:07:18]} 77. Kf1
{[%clk 0:00:48]} Qf4+ {[%clk 0:07:27]} 78. Kg1 {[%clk 0:01:10]} e2
{[%clk 0:06:44]} 79. Qe6 {[%clk 0:01:07]} Qg3+ {[%clk 0:07:03]} 80. Kh1
{[%clk 0:01:02]} e1=R+ {[%clk 0:07:24]} 81. Qxe1 {[%clk 0:01:21]} Qxe1+
{[%clk 0:07:47]} 82. Kg2 {[%clk 0:01:36]} Qe3 {[%clk 0:08:02]} 83. Kh1
{[%clk 0:01:36]} Qg5 {[%clk 0:08:24]} 84. Kh2 {[%clk 0:01:54]} d4
{[%clk 0:08:39]} 85. Kh3 {[%clk 0:01:34]} h5 {[%clk 0:08:50]} 86. Kh2
{[%clk 0:02:01]} h4 {[%clk 0:09:09]} 87. Kh3 {[%clk 0:02:29]} Qg3#
{[%clk 0:08:57]} 0-1

[Event "George Trundle NZ Masters 2017"]
[Site "Auckland, NZL"]
[Date "2017.10.07"]
[Round "8.4"]
[White "Chan, Peng Kong"]
[Black "Hague, Ben"]
[Result "0-1"]
[BlackElo "2365"]
[WhiteElo "2170"]
[LiveChessVersion "1.4.8"]

1. d4 {[%clk 1:30:54]} Nf6 {[%clk 1:30:52]} 2. c4 {[%clk 1:31:18]} e6
{[%clk 1:31:19]} 3. Nc3 {[%clk 1:31:43]} Bb4 {[%clk 1:31:44]} 4. g3
{[%clk 1:30:04]} c5 {[%clk 1:30:16]} 5. Nf3 {[%clk 1:30:19]} cxd4
{[%clk 1:28:52]} 6. Nxd4 {[%clk 1:30:43]} Qa5 {[%clk 1:27:39]} 7. Bd2
{[%clk 1:24:19]} Qb6 {[%clk 1:21:07]} 8. Nf3 {[%clk 1:06:46]} Nc6
{[%clk 1:07:25]} 9. Bg2 {[%clk 1:03:26]} Bxc3 {[%clk 1:05:28]} 10. bxc3
{[%clk 1:00:31]} O-O {[%clk 1:03:37]} 11. O-O {[%clk 0:59:59]} Qa6
{[%clk 0:59:44]} 12. Qb3 {[%clk 0:40:14]} Na5 {[%clk 0:49:47]} 13. Qb5
{[%clk 0:39:39]} Nxc4 {[%clk 0:48:56]} 14. Qxa6 {[%clk 0:40:05]} bxa6
{[%clk 0:49:21]} 15. Bf4 {[%clk 0:39:37]} Bb7 {[%clk 0:45:39]} 16. Ne5
{[%clk 0:37:22]} Bxg2 {[%clk 0:44:45]} 17. Kxg2 {[%clk 0:37:51]} Rfc8
{[%clk 0:42:49]} 18. Rfd1 {[%clk 0:32:50]} d5 {[%clk 0:40:57]} 19. Rab1
{[%clk 0:28:53]} Ne4 {[%clk 0:37:22]} 20. Nxc4 {[%clk 0:28:18]} Rxc4
{[%clk 0:37:35]} 21. Rb7 {[%clk 0:28:41]} Nxc3 {[%clk 0:36:44]} 22. Rd2
{[%clk 0:28:51]} h6 {[%clk 0:35:21]} 23. h4 {[%clk 0:28:50]} Nb5 {[%clk 0:33:54]}
24. Rb2 {[%clk 0:26:33]} Rac8 {[%clk 0:32:56]} 25. a4 {[%clk 0:22:29]} Rxa4
{[%clk 0:32:38]} 26. Bb8 {[%clk 0:22:54]} Rac4 {[%clk 0:27:28]} 27. Ra2
{[%clk 0:23:09]} R4c6 {[%clk 0:27:50]} 28. Bxa7 {[%clk 0:21:57]} R6c7
{[%clk 0:28:02]} 29. Rxc7 {[%clk 0:20:12]} Rxc7 {[%clk 0:28:23]} 30. Bb6
{[%clk 0:19:39]} Rc6 {[%clk 0:28:45]} 31. Ba5 {[%clk 0:20:05]} h5
{[%clk 0:25:03]} 32. Kf3 {[%clk 0:20:16]} f6 {[%clk 0:24:59]} 33. Ke3
{[%clk 0:20:34]} Kf7 {[%clk 0:25:10]} 34. Kd3 {[%clk 0:21:01]} e5
{[%clk 0:24:59]} 35. Bb4 {[%clk 0:21:08]} Ke6 {[%clk 0:24:57]} 36. Kd2
{[%clk 0:20:48]} f5 {[%clk 0:23:39]} 37. Bf8 {[%clk 0:20:47]} Nc3
{[%clk 0:23:08]} 0-1

[Event "George Trundle NZ Masters 2017"]
[Site "Auckland, NZL"]
[Date "2017.10.07"]
[Round "8.5"]
[White "Smith, Robert W"]
[Black "Lukey, Stephen G"]
[Result "1/2-1/2"]
[BlackElo "2188"]
[WhiteElo "2230"]
[LiveChessVersion "1.4.8"]

1. e4 {[%clk 1:30:58]} c5 {[%clk 1:30:57]} 2. Nf3 {[%clk 1:31:23]} d6
{[%clk 1:31:24]} 3. d4 {[%clk 1:28:09]} cxd4 {[%clk 1:31:39]} 4. Qxd4
{[%clk 1:28:30]} Nc6 {[%clk 1:32:04]} 5. Bb5 {[%clk 1:28:56]} Bd7
{[%clk 1:32:22]} 6. Bxc6 {[%clk 1:29:20]} Bxc6 {[%clk 1:32:44]} 7. c4
{[%clk 1:23:39]} Nf6 {[%clk 1:32:11]} 8. Nc3 {[%clk 1:23:45]} g6 {[%clk 1:16:02]}
9. O-O {[%clk 1:23:37]} Bg7 {[%clk 1:14:46]} 10. Qd3 {[%clk 0:51:31]} O-O
{[%clk 1:14:05]} 11. Be3 {[%clk 0:48:02]} a6 {[%clk 1:07:36]} 12. a4
{[%clk 0:46:57]} b6 {[%clk 1:03:09]} 13. Nd4 {[%clk 0:43:12]} Bb7
{[%clk 1:02:07]} 14. Rad1 {[%clk 0:38:07]} Rc8 {[%clk 0:59:01]} 15. f3
{[%clk 0:35:34]} Nd7 {[%clk 0:56:50]} 16. b3 {[%clk 0:35:59]} Re8
{[%clk 0:53:33]} 17. Nde2 {[%clk 0:29:49]} Qc7 {[%clk 0:43:31]} 18. Kh1
{[%clk 0:28:07]} Ba8 {[%clk 0:42:33]} 19. Rc1 {[%clk 0:25:58]} Qb8
{[%clk 0:41:30]} 20. Rfd1 {[%clk 0:26:03]} Nc5 {[%clk 0:40:40]} 21. Qb1
{[%clk 0:26:27]} Bc6 {[%clk 0:33:15]} 22. Nd4 {[%clk 0:23:56]} Bb7
{[%clk 0:33:15]} 23. Nde2 {[%clk 0:24:14]} Bc6 {[%clk 0:32:25]} 24. Nd4
{[%clk 0:24:36]} Bb7 {[%clk 0:32:51]} 25. Nde2 {[%clk 0:24:51]} Nd7
{[%clk 0:29:17]} 26. Qa2 {[%clk 0:21:49]} Ba8 {[%clk 0:22:09]} 27. Rb1
{[%clk 0:19:34]} Be5 {[%clk 0:17:03]} 28. Qd2 {[%clk 0:18:02]} Bg7
{[%clk 0:13:33]} 29. Bh6 {[%clk 0:16:39]} Bh8 {[%clk 0:13:54]} 30. Bg5
{[%clk 0:15:45]} Ne5 {[%clk 0:13:11]} 1/2-1/2